| 000 | 00748nam a2200229Ia 4500 | ||
|---|---|---|---|
| 003 | GCL | ||
| 008 | 140319s9999 xx 000 0 ara d | ||
| 040 |
_aGCL / _cGCL |
||
| 082 | 0 | 4 |
_a411.5 _bو ت |
| 100 | 1 | _aوفاء كامل فايد | |
| 245 | 1 | 0 |
_aتراكب الاصوات فى الفعل الثلاثى الصحيح دراسة استقصائية فى القاموس المحيط / _cوفاء كامل فايد |
| 260 |
_a[S.N] : _bعالم الكتب الحديث |
||
| 300 | _a172 ص | ||
| 490 | _a | ||
| 650 | 0 | 4 | _aالنحو |
| 650 | 0 | 4 | _aالاصوات اللغوية |
| 650 | 0 | 4 | _aاللغة العربية |
| 650 | 0 | 4 | _aالمعاجم |
| 650 | 0 | 4 | _aالكتابة العربية |
| 650 | 0 | 4 | _aالمنطق |
| 942 |
_2ddc _cBK |
||
| 999 |
_c32405 _d32405 |
||